000 00714nam a22002297a 4500
003 UA-OsUOA
001 35052
007 ta
008 20051107b un ||||| |||| 00| 0 ukr d
090 _a81'374
942 _cBK
040 _aUA-OsUOA
_bukr
_cUA-OsUOA
_dUA-OsUOA
245 _aНімецько-український, українсько-німецький словник
_cза ред. Е. І. Лисенко
300 _a736 с.
955 _a2
041 _aukr
080 _a81'374
020 _a5-7707-5989-5
260 _aК.
_bФеміна
_c1994
650 7 _a8 Мовознавство. Художня література. Літературознавство
_2UDC
999 _c321438
_d321438